000
00243nam a2200097Ia 4500
008
230915s9999 xx 000 0 und d
050
_a
PL 8702. T36 2003 V.2
100
_a
KIMANI NJOGU
245
0
_a
TANZU LA LUGHA KIDATO CHA PILI
942
_c
BK
999
_c
176088
_d
176088